00350 a2200097 4500001001000000005001700010008004100027245009300068100002300161773006800184ART_4961220260410161809.0260409a 10a¿Es acaso un delirio reclamar la aplicación de la mediación a la materia concursal?1 aLorente, Javier A.0 tDoctrina Societaria y Concursalg- N° 382 (sep. 2019)wREV4298